| 000 | 00000nam 2200000za 4500 |
| 001 | 9.817498 |
| 003 | CaOODSP |
| 005 | 20221107142508 |
| 007 | cr ||||||||||| |
| 008 | 160512s2009 oncd ob f000 0 eng d |
| 040 | |aCaOODSP|beng |
| 043 | |an-cn--- |
| 086 | 1 |aV32-307/2009E-PDF |
| 245 | 00|aRedress for the New Veterans Charter (NVC) re-establishment program review (rehabilitation and financial benefits programs) |h[electronic resource]. |
| 260 | |a[Ottawa] : |bVeterans Affairs Canada, |c2009. |
| 300 | |a[46] p. : |btables. |
| 500 | |aIssued also in French under title: Recours relatif à l'examen du programme de réinsertion de la Nouvelle charte des anciens combattants (NCAC) (programmes de réadaptation et d'avatages financiers). |
| 500 | |a“Final: July 2009”. |
| 500 | |aTitle from cover. |
| 692 | 07|2gccst|aVeterans |
| 692 | 07|2gccst|aRehabilitation |
| 710 | 1 |aCanada. |bVeterans Affairs Canada. |bAudit and Evaluation Division. |
| 775 | 08|tRecours relatif à l'examen du programme de réinsertion de la Nouvelle charte des anciens combattants (NCAC) (programmes de réadaptation et d'avantages financiers) |w(CaOODSP)9.817499 |
| 856 | 40|qPDF|s148 KB|uhttps://publications.gc.ca/collections/collection_2016/acc-vac/V32-307-2009-eng.pdf |